000 00546nam a2200193Ia 4500
008 240729s9999 xx 000 0 und d
022 _a2527-3442
245 0 _aMCBS (Molecular and Cellular Biomedical Sciences)
260 _aIndonesia
260 _bCell and BioPharmaceutical Institute
650 _a Biochemistry
650 _a Chemistry
650 _a Organic chemistry
650 _a Pathology | Science
650 _aMedicine
856 _uhttps://doaj.org/toc/91d471718b054681811307a84cecde47
942 _2ddc
942 _cDOAJEJ
999 _c70932
_d70932
945 _a1
_bMadushi Gamage
_c1
_dMadushi Gamage